[Event "Blitz"]
[Site "St Petersburg RUS"]
[Date "1999.12.25"]
[Round "2.1"]
[White "Lugovoi,A"]
[Black "Alekseev,E"]
[Result "1-0"]
[WhiteElo "2509"]
[BlackElo "2400"]

1.d4 Nf6 2.c4 g6 3.Nc3 Bg7 4.e4 d6 5.Nf3 O-O 6.Be2 Nbd7 7.O-O e5 8.Be3 h6
9.Ne1 exd4 10.Bxd4 Ne5 11.Qc2 Be6 12.b3 Nfg4 13.Bxg4 Bxg4 14.h3 Be6 15.f4 c5
16.Bxe5 dxe5 17.Rd1 Qa5 18.f5 Bc8 19.Nd5 Kh7 20.Nf3 Bd7 21.f6 Bh8 22.Qf2 Be6
23.Qh4 h5 24.Ng5+ Kh6 25.Qg3 Rad8 26.Qe3  1-0

[Event "ch-ROM (women)"]
[Site "Lasi ROM"]
[Date "1999.12.27"]
[Round "13"]
[White "Grigorieva,A"]
[Black "Calotescu,C"]
[Result "1/2-1/2"]
[WhiteElo "2143"]
[BlackElo "2176"]

1.d4 Nf6 2.Nf3 g6 3.c4 Bg7 4.Nc3 d6 5.e4 O-O 6.Be2 e5 7.O-O exd4 8.Nxd4 Re8
9.f3 Nc6 10.Be3 Nh5 11.Qd2 Nxd4 12.Bxd4 Nf4 13.Be3 Nxe2+ 14.Nxe2 Bd7 15.Rad1 Bc6
16.Nd4 Qd7 17.b3 b6 18.Rfe1 Bf6 19.Nc2 Re7 20.Nb4 Rae8 21.Qc2 a5 22.Nd3 Qc8
23.Nf2 Bg7 24.Qd2 Qe6 25.Nd3 f6 26.Nf4 Qf7 27.Nd5 Bxd5 28.exd5 f5 29.Bg5 Bf6
30.Bf4 Bh4 31.g3 Bf6 32.Kf2 Be5 33.Bg5 Bf6 34.Bf4 Be5 35.Bg5  1/2-1/2

[Event "8th Danube Open"]
[Site "Aschach AUT"]
[Date "1999.12.29"]
[Round "5"]
[White "Gross,S"]
[Black "Sandhoefner,F"]
[Result "1/2-1/2"]
[WhiteElo "2371"]
[BlackElo "2233"]

1.c4 g6 2.d4 Bg7 3.e4 d6 4.Nc3 Nf6 5.Nf3 O-O 6.Be2 e5 7.d5 a5 8.Be3 Ng4 9.Bg5 f6
10.Bh4 Qe8 11.Nd2 Nh6 12.f3 f5 13.a3 Na6 14.b3 Bd7 15.Rb1 Nc5 16.O-O Nf7
17.Qc2 Bh6 18.Bf2 Bxd2 19.Qxd2 Qe7 20.b4 axb4 21.axb4 Na4 22.c5 Nxc3 23.Qxc3 fxe4
24.fxe4 Ng5 25.Bd3 Ra2 26.Rb2 Rxb2 27.Qxb2 Rd8 28.Ra1 Qe8 29.Be3 Nf7 30.Ra5 Rb8
31.Qe2 Qc8 32.Ra7 Ra8 33.Qa2 Rxa7 34.Qxa7 Kg7 35.Qa1 Qe8 36.Qa5 Qb8 37.h3 h6
38.Kh2 Kh7 39.b5 dxc5 40.b6 c6 41.dxc6 Bxc6 42.Qa2 Kg7 43.Bxc5 Qd8 44.Qc4 Qf6
45.Be3 Nd6 46.Qc2 Kh7  1/2-1/2

[Event "8th Danube Open"]
[Site "Aschach AUT"]
[Date "1999.12.30"]
[Round "7"]
[White "Gross,S"]
[Black "Loidl,F"]
[Result "1-0"]
[WhiteElo "2371"]
[BlackElo "2203"]

1.c4 Nf6 2.Nc3 g6 3.d4 Bg7 4.e4 O-O 5.Nf3 d6 6.Be2 Nbd7 7.O-O e5 8.Qc2 Qe7
9.Rd1 c6 10.Rb1 Ng4 11.d5 c5 12.Ne1 f5 13.Bxg4 fxg4 14.Be3 g5 15.a3 Rf7 16.b4 b6
17.bxc5 bxc5 18.Qa4 Nf8 19.Nd3 Ng6 20.Bxg5 Qxg5 21.Qc6 Bb7 22.Rxb7 Rxb7 23.Qxb7 Rf8
24.Qd7 Nf4 25.Ne1 Kh8 26.Qxd6 Nh3+ 27.gxh3 gxh3+ 28.Kf1 Qf4 29.Qxc5 Qxh2
30.d6 Qh1+ 31.Ke2 Qg1 32.d7 Qg4+ 33.f3 Qg5 34.Qxf8+ Bxf8 35.d8=Q Qxd8 36.Rxd8 h2
37.Rxf8+ Kg7 38.Rf5 h1=Q 39.Nd3 Qa1 40.Nd5 Qa2+ 41.Ke3 Qxc4 42.Rxe5 a5 43.Re7+ Kg8
44.Rd7 h5 45.Kf4 Kf8 46.Ne5 Qc1+ 47.Kf5 Qc5 48.Rf7+ Ke8 49.Nc7+  1-0

[Event "Alushta3"]
[Site "Alushta"]
[Date "1999.??.??"]
[Round "?"]
[White "Zubov, Oleksander"]
[Black "Koziak, Vitali"]
[Result "1/2-1/2"]
[WhiteElo "2328"]
[BlackElo "2483"]

1.d4 Nf6 2.c4 g6 3.Nc3 Bg7 4.Nf3 O-O 5.e4 d6 6.Be2 e5 7.O-O Nbd7 8.Re1 c6
9.Bf1 a6 10.d5 cxd5 11.cxd5 b5 12.b4 Nb6 13.a4 bxa4 14.Nxa4 Nfd7 15.Bg5 f6
16.Be3 Nxa4 17.Qxa4 f5 18.Qc6 Rb8 19.Bxa6 Bxa6 20.Qxa6 Rxb4 21.Qxd6 Rxe4
22.Qe6+ Kh8 23.Ng5 Rxe3 24.fxe3 Qxg5 25.Qxd7 e4 26.Ra7 Qf6 27.d6 Rd8 28.Qe7 Qxe7
29.dxe7 Re8 30.Rd1 Kg8 31.Rd8 Kf7 32.Rxe8 Kxe8 33.h3 Bf6 34.g4 Bxe7 35.gxf5 Bc5
36.Ra8+ Ke7 37.Kf2 gxf5 38.Ra5 Kd6 39.Ke2 Kd5 40.Ra8 Ke5 41.Rc8 Bd6 42.Rh8 f4
43.Rxh7 fxe3 44.Kxe3 Bc5+ 45.Ke2 Kf4 46.h4 Kg4 47.h5 Kg5 48.Rb7 Kh6 49.Rb5 Bg1
50.Rb1 Bd4 51.Rh1 Bb6 52.Kf1 Bc7 53.Kf2 Bf4 54.Rh3 Bd2 55.Kg3 Bc1 56.Kg4 e3
57.Rf3 Kg7 58.Rf4 Bd2 59.Re4 Kh6 60.Re6+ Kh7 61.Kf3 Kg7 62.Rg6+ Kh7 63.Re6 Kg7
64.Kg4 Kh7 65.h6 e2 66.Rxe2 Bxh6 67.Re7+ Kg6 68.Re6+ Kg7 69.Kf5 Bc1 70.Re7+ Kh6
71.Re1 Bb2 72.Rg1 Bc3  1/2-1/2

[Event "Alushta3"]
[Site "Alushta"]
[Date "1999.??.??"]
[Round "?"]
[White "Kuzmin, Gennadi P"]
[Black "Askarian, Karen"]
[Result "1-0"]
[WhiteElo "2546"]
[BlackElo "2295"]

1.c4 Nf6 2.Nc3 g6 3.e4 d6 4.d4 Bg7 5.Be2 O-O 6.Nf3 e5 7.d5 Nbd7 8.Be3 Ng4
9.Bg5 f6 10.Bd2 Nh6 11.h4 Nf7 12.h5 g5 13.Nh2 Nc5 14.g4 Bd7 15.Be3 Qc8 16.f3  1-0

[Event "Alushta3"]
[Site "Alushta"]
[Date "1999.??.??"]
[Round "?"]
[White "Malakhatko, Vadim"]
[Black "Kochetkov, German"]
[Result "1-0"]
[WhiteElo "2496"]
[BlackElo "2395"]

1.Nf3 Nf6 2.c4 d6 3.d4 g6 4.Nc3 Bg7 5.e4 O-O 6.Be2 Nbd7 7.O-O e5 8.Re1 Re8
9.Bf1 c6 10.Rb1 exd4 11.Nxd4 Nc5 12.f3 d5 13.cxd5 cxd5 14.Bb5 dxe4 15.Bxe8 Nd3
16.Bxf7+ Kxf7 17.Qb3+ Kf8 18.Be3 Nxe1 19.Rxe1 exf3 20.Nc6 Qd6 21.Nd8 Nd5
22.Nxd5 b6 23.Nxb6  1-0

[Event "Athens op"]
[Site "Athens"]
[Date "1999.??.??"]
[Round "4"]
[White "Mirzoev, Azer"]
[Black "Georgiev, Krum"]
[Result "0-1"]
[WhiteElo "2443"]
[BlackElo "2490"]

1.d4 Nf6 2.Nf3 g6 3.c4 Bg7 4.Nc3 O-O 5.e4 d6 6.Be2 e5 7.dxe5 dxe5 8.Qxd8 Rxd8
9.Bg5 Re8 10.Nd5 Nxd5 11.cxd5 c6 12.Bc4 cxd5 13.Bxd5 Na6 14.Ke2 Nc7 15.Bb3 Ne6
16.Be3 Nf4+ 17.Bxf4 exf4 18.Ng5 Re7 19.Rac1 Bxb2 20.Rc2 Be5 21.Rd1 Kg7 22.Kf1 b6
23.Kg1 Ba6 24.Nf3 Rc8 25.Nxe5 Rxe5 26.Rxc8 Bxc8 27.f3 Kf6 28.g3 g5 29.Kg2 Rc5
30.h4 h6 31.Rd2 Rc3 32.hxg5+ hxg5 33.gxf4 gxf4 34.e5+ Kxe5 35.Bxf7 Bb7 36.Rf2 b5
37.Bb3 a5 38.Bd1 Bd5 39.Re2+ Kd4 40.Rb2 b4  0-1

[Event "Athens op"]
[Site "Athens"]
[Date "1999.??.??"]
[Round "7"]
[White "Sulava, Nenad"]
[Black "Brankovic, Dejan"]
[Result "1-0"]
[WhiteElo "2466"]
[BlackElo "2404"]

1.d4 Nf6 2.c4 g6 3.Nc3 Bg7 4.e4 d6 5.Nf3 O-O 6.Be2 e5 7.O-O Na6 8.Be3 Ng4
9.Bg5 Qe8 10.dxe5 dxe5 11.Nd2 h6 12.Bxg4 hxg5 13.Bxc8 Qxc8 14.Nd5 Re8 15.h3 c6
16.Ne3 Rd8 17.Qc2 Nc5 18.b4 Ne6 19.c5 b6 20.cxb6 axb6 21.a4 Qa6 22.Ndc4 Nd4
23.Qd1 b5 24.axb5 Qxb5 25.Rxa8 Rxa8 26.Qg4 Qxb4 27.Qxg5 Re8 28.Qg4 Qe7 29.Ra1 Rf8
30.h4 Qe6 31.Qxe6 Nxe6 32.Ra7 Rd8 33.g3 Nc5 34.f3 Ne6 35.Kg2 Nd4 36.Rc7 Rb8
37.Nd6 Nb5 38.Rxc6 Nd4 39.Rc7 Rb2+ 40.Kh3 Nxf3 41.Nxf7 Rb4 42.Nd6 Rd4 43.Ne8 Bh8
44.Nd5 Nd2 45.Nd6 Nxe4 46.Ne7+ Kg7 47.Nc6+ Kf6 48.Nxd4 Nxd6 49.Nf3 e4 50.Ng5 Kf5
51.Rc5+ Be5 52.g4+ Kf6 53.Nh7+ Ke6 54.Nf8+ Kf7 55.Rxe5 Kxf8 56.Re6  1-0

[Event "AUT-chT 9899"]
[Site "AUT"]
[Date "1999.??.??"]
[Round "?"]
[White "Lipinsky, Fabian"]
[Black "Polzin, Rainer"]
[Result "1/2-1/2"]
[WhiteElo "2395"]
[BlackElo "2440"]

1.d4 Nf6 2.c4 g6 3.Nc3 Bg7 4.e4 d6 5.Nf3 O-O 6.Be2 e5 7.O-O exd4 8.Nxd4 Re8
9.f3 c6 10.Kh1 a6 11.Nc2 b5 12.Bf4 d5 13.exd5 cxd5 14.cxb5 Bb7 15.Bg3 Nh5
16.Bf2 Qg5 17.Bd4 Nf4 18.Rf2 Bf8 19.Bf1 Bd6 20.g3 Ne6 21.f4 Qd8 22.Bg2 Bf8
23.Be5 Nd7 24.Nxd5 axb5 25.Rd2 Qc8 26.Bc3 Nec5 27.Nce3 Ne4 28.Rc1 Nxc3 29.Rxc3 Qb8
30.Rc7 Rxe3 31.Rxb7 Qxb7 32.Ne7+ Rxe7 33.Bxb7 Rae8 34.Kg2 Nc5 35.Bc6 Rc8
36.Bxb5 Rb7 37.a4 Ne4 38.Rc2 Rcb8 39.Qf3 Nd6 40.Rc5 Nxb5 41.Rxb5 Rxb5 42.axb5 Rxb5
43.b3 h5 44.Kh3 Kg7 45.Qd3 Rb4 46.Kg2 h4 47.Kf3 hxg3 48.hxg3 Kg8 49.Qd5 Kg7
50.Ke3 Kg8 51.Kd3 Kg7 52.Kc3 Kg8 53.Qd8 Re4 54.Qa8 Re3+ 55.Kc4 Rxg3 56.b4 Rg4
57.Qf3 f5 58.b5 Bh6 59.Qd5+ Kg7 60.Qd7+ Kf6 61.Qd6+  1/2-1/2

[Event "AUT-chT 9899"]
[Site "AUT"]
[Date "1999.??.??"]
[Round "?"]
[White "Schroll, Gerhard"]
[Black "Freitag, Manfred"]
[Result "1/2-1/2"]
[WhiteElo "2395"]
[BlackElo "2385"]

1.d4 Nf6 2.c4 g6 3.Nc3 Bg7 4.Nf3 O-O 5.e4 d6 6.Be2 e5 7.dxe5 dxe5 8.Qxd8 Rxd8
9.Bg5 Nbd7 10.Rd1 Rf8 11.Nd5 c6 12.Ne7+ Kh8 13.Nxc8  1/2-1/2

[Event "Avoine op"]
[Site "Avoine"]
[Date "1999.??.??"]
[Round "1"]
[White "Perrin, Guillaume"]
[Black "Apicella, Manuel"]
[Result "0-1"]
[WhiteElo "2150"]
[BlackElo "2515"]

1.d4 Nf6 2.c4 g6 3.Nc3 Bg7 4.e4 d6 5.Be2 O-O 6.Nf3 Na6 7.O-O e5 8.Be3 Ng4
9.Bg5 Qe8 10.Re1 h6 11.Bc1 c6 12.h3 Nf6 13.dxe5 dxe5 14.Be3 Qe7 15.Qc1 Kh7
16.a3 Nc5 17.Qc2 Nh5 18.b4 Ne6 19.Rad1 Nhf4 20.Bf1 Qf6 21.Nh2 Nd4 22.Bxd4 exd4
23.e5 Nxh3+ 24.gxh3 Qg5+ 25.Kh1 dxc3 26.Qxc3 Re8 27.Qe3 Rxe5 28.Qxg5 hxg5
29.Rxe5 Bxe5 30.Rd8 Rb8 31.Nf3 Bf4 32.Nd4 Kg7 33.c5 Kf6 34.b5 cxb5 35.c6 bxc6
36.Bg2 b4 37.axb4 Rxb4 38.Rxc8 Rb1+ 39.Bf1 Rxf1+ 40.Kg2 Rc1 41.Ra8 c5 42.Ne2 Ra1
43.Nxf4 gxf4  0-1

[Event "Avoine op"]
[Site "Avoine"]
[Date "1999.??.??"]
[Round "7"]
[White "Ivanov, Mikhail M"]
[Black "Dubin, Stephane"]
[Result "1-0"]
[WhiteElo "2495"]
[BlackElo "2130"]

1.d4 d6 2.Nf3 Nf6 3.c4 g6 4.Nc3 Bg7 5.e4 O-O 6.Be2 e5 7.dxe5 dxe5 8.Qxd8 Rxd8
9.Bg5 Re8 10.Nd5 Nxd5 11.cxd5 c6 12.Bc4 b5 13.Bb3 Bb7 14.Rc1 a5 15.a4 Rc8
16.O-O bxa4 17.Bxa4 f6 18.Be3 Bf8 19.Nd2 cxd5 20.Rxc8 Bxc8 21.Bb3 Bb7 22.Rc1 Na6
23.exd5 Kg7 24.Nc4  1-0

[Event "Bad Woerishofen op"]
[Site "Bad Woerishofen"]
[Date "1999.??.??"]
[Round "5"]
[White "Epishin, Vladimir"]
[Black "Machelett, Heiko"]
[Result "1/2-1/2"]
[WhiteElo "2578"]
[BlackElo "2436"]

1.d4 Nf6 2.c4 g6 3.Nc3 Bg7 4.e4 d6 5.Nf3 O-O 6.Be2 e5 7.O-O Na6 8.Re1 Qe8
9.Bg5 Bg4 10.Bxf6 Bxf6 11.d5 Qe7 12.Rb1 c5 13.dxc6 bxc6 14.b4 Nc7 15.b5 cxb5
16.cxb5 Be6 17.Rc1 Rfd8 18.Nd5 Nxd5 19.exd5 Bc8 20.Bf1 Bb7 21.Nd4 Bxd5 22.Nc6 Qe6
23.Nb4 Bb7 24.Rc7 Rd7 25.Bc4 Qe8 26.Rxb7 Rxb7 27.a4 Rb6 28.Qd5 Rc8 29.a5 Rbb8
30.Nc6 Rb7 31.a6 Rb6 32.Rc1 Kg7 33.Nxa7 Rc5 34.Qd1 Qd7 35.Nc6 Rbxc6 36.bxc6 Qxc6
37.a7 Ra5 38.Ra1 Rxa7 39.Rxa7 Qxc4 40.Rd7 h5 41.Rxd6 Be7 42.Rd2 Bc5 43.Rc2 Qb5
44.Rc1 Qb6 45.Qe2 Bd4 46.Kh1 Qe6 47.f3 Qf5 48.Rf1 Qf4 49.g3 Qf6 50.Kg2 Qc6
51.h4 Qd5 52.Qc2 Qb7 53.Qe2 Qd5 54.Kh2 Qd6 55.Rc1 Qa3 56.Rd1 Qb4 57.Kg2 Qb7
58.Kh3 Qb3  1/2-1/2

[Event "Bad Woerishofen op"]
[Site "Bad Woerishofen"]
[Date "1999.??.??"]
[Round "6"]
[White "Kachiani Gersinska, Ketino"]
[Black "Eisenbeis, Norman"]
[Result "0-1"]
[WhiteElo "2439"]
[BlackElo "2185"]

1.d4 Nf6 2.c4 g6 3.Nc3 Bg7 4.e4 d6 5.Nf3 O-O 6.Be2 e5 7.d5 Nbd7 8.Bg5 h6
9.Bh4 g5 10.Bg3 Nh5 11.Nd2 Nf4 12.O-O Nf6 13.Rc1 Kh8 14.b4 Qe7 15.c5 h5 16.Bxf4 exf4
17.Nb5 g4 18.Re1 a6 19.cxd6 cxd6 20.Nc3 f3 21.Bf1 Nd7 22.gxf3 Be5 23.Bg2 Rg8
24.f4 Bxf4 25.Ne2 Be5 26.Ng3 Qg5 27.Nc4 b5 28.Nxe5 Nxe5 29.Kh1 h4 30.Nf5 h3
31.Bf1 Bxf5 32.exf5 Qf4 33.Be2 Qe4+ 34.f3 gxf3 35.Bxb5 Qg4  0-1

[Event "Bagneux"]
[Site "Bagneux"]
[Date "1999.??.??"]
[Round "1"]
[White "Doornbos, Yann"]
[Black "Le Quang, Kim"]
[Result "0-1"]
[WhiteElo "2340"]
[BlackElo "2345"]

1.d4 Nf6 2.c4 g6 3.Nc3 Bg7 4.e4 d6 5.Nf3 O-O 6.Be2 e5 7.d5 a5 8.Bg5 h6 9.Bh4 Na6
10.Nd2 Qe8 11.a3 Bd7 12.O-O Nh7 13.Kh1 a4 14.Nb5 Bxb5 15.cxb5 Nc5 16.f3 f5
17.Bf2 b6 18.Qc2 h5 19.b4 axb3 20.Nxb3 Nxb3 21.Qxb3 fxe4 22.fxe4 Bh6 23.Qc2 Qe7
24.a4 Bf4 25.Ra3 Rf7 26.Bg1 Raf8 27.Rff3 Nf6 28.a5 bxa5 29.Rxa5 Ng4 30.Ra7 Bxh2
31.Rxf7 Rxf7 32.Bxg4 hxg4 33.Qxc7 Qxc7 34.Rxc7 Rxc7 35.Kxh2 Rc4 36.Bf2 Rxe4
37.b6 Kf7 38.Kg3 Ke7 39.Kh4 Re2 40.Kg3 Kd7 41.Bg1 Re4 42.Kh4  0-1

[Event "ROM-ch sf"]
[Site "Baile Tusnad"]
[Date "1999.??.??"]
[Round "1"]
[White "Dutu, Florin"]
[Black "Sofronie, Iulian"]
[Result "0-1"]
[WhiteElo "2141"]
[BlackElo "2414"]

1.d4 Nf6 2.c4 g6 3.Nc3 Bg7 4.e4 d6 5.Nf3 O-O 6.Be2 e5 7.dxe5 dxe5 8.Qxd8 Rxd8
9.Nd5 Nxd5 10.cxd5 c6 11.Bc4 h6 12.Be3 b5 13.Bb3 Bb7 14.O-O-O c5 15.Kb1 Nd7
16.g4 c4 17.Bc2 a5 18.g5 h5 19.Nh4 Rdc8 20.f4 exf4 21.Bxf4 b4 22.b3 cxb3
23.axb3 a4 24.bxa4 Nc5 25.e5 b3 26.Bxg6 fxg6 27.Nxg6 Kf7 28.Nh4 Nxa4 29.Nf5 Bxd5
30.Nd6+ Ke6 31.Rxd5 Nc3+ 32.Kb2 Nxd5 33.Nxc8 Nxf4 34.Nb6 Bxe5+ 35.Kxb3 Rb8  0-1

[Event "ATL-ch"]
[Site "Barranquilla"]
[Date "1999.??.??"]
[Round "10"]
[White "Barrios, Felix"]
[Black "Viloria, Daniel"]
[Result "1-0"]
[WhiteElo "2235"]
[BlackElo "1950"]

1.d4 d6 2.Nf3 Nf6 3.c4 g6 4.Nc3 Bg7 5.e4 O-O 6.Be2 e5 7.O-O Nbd7 8.Qc2 Re8
9.Rd1 Qe7 10.d5 a5 11.Nd2 Nc5 12.b3 Bd7 13.a3 Kh8 14.Bb2 Ng8 15.b4 axb4 16.axb4 Na6
17.Ba3 f5 18.c5 dxc5 19.bxc5 Nxc5 20.Nb5 b6 21.Nb3 Qh4 22.Nxc5 bxc5 23.g3 Qd8
24.Bxc5 Rxa1 25.Rxa1 fxe4 26.Ra7 Qb8 27.Nxc7 Rc8 28.d6 Nf6 29.Ba6 Bc6 30.Bxc8 Qxc8
31.Be3 Bd5 32.Qa4 Bg8 33.Bg5 Qg4 34.Bxf6 Bxf6 35.Ra8 Qf3 36.Nd5 Bg5 37.d7 Kg7
38.d8=Q Bxd8 39.Rxd8 Bxd5 40.Rxd5 e3 41.Qa7+ Kf6 42.Rd6+ Kf5 43.Qf7+  1-0

[Event "ATL-ch"]
[Site "Barranquilla"]
[Date "1999.??.??"]
[Round "11"]
[White "Fajardo, Carlos Emilio"]
[Black "Villegas, John"]
[Result "1-0"]
[WhiteElo "2020"]
[BlackElo "1920"]

1.d4 Nf6 2.c4 g6 3.Nc3 Bg7 4.e4 d6 5.Nf3 O-O 6.Be2 e5 7.Be3 Nc6 8.O-O Re8
9.dxe5 Nxe5 10.Nxe5 Rxe5 11.f4 Re8 12.e5 Nd7 13.Qc2 dxe5 14.f5 c6 15.Rad1 Qc7
16.Ne4 b6 17.fxg6 hxg6 18.Rxf7 Kxf7 19.Nd6+ Kf8 20.Qxg6 Nf6 21.Nxe8 Nxe8
22.Rf1+ Nf6 23.Bh6 Qf7 24.Rxf6  1-0

[Event "Landesliga Nord 9899"]
[Site "Bayern"]
[Date "1999.??.??"]
[Round "?"]
[White "Basel, Matthias"]
[Black "Muenster, Erich"]
[Result "1/2-1/2"]
[WhiteElo "2025"]
[BlackElo "2055"]

1.d4 Nf6 2.Nf3 g6 3.c4 Bg7 4.Nc3 O-O 5.e4 d6 6.Be2 Nbd7 7.O-O e5 8.Be3 c6
9.dxe5 dxe5 10.Nd2 Qe7 11.a3 a5 12.Rb1 Nc5 13.b4 axb4 14.axb4 Ne6 15.Qc1 Nd4
16.Bd1 Be6 17.Bxd4 exd4 18.Na4 Bh6 19.f4 Bg4  1/2-1/2

[Event "Landesliga Nord 9899"]
[Site "Bayern"]
[Date "1999.??.??"]
[Round "?"]
[White "Stauch, Edgar"]
[Black "Neumann, Petr"]
[Result "0-1"]
[WhiteElo "2060"]
[BlackElo "2350"]

1.d4 Nf6 2.c4 g6 3.Nc3 Bg7 4.e4 d6 5.Nf3 O-O 6.Be2 e5 7.O-O Na6 8.Re1 c6
9.d5 Nc5 10.Bf1 a5 11.Bg5 h6 12.Bc1 cxd5 13.cxd5 Bd7 14.Nd2 a4 15.b4 axb3
16.Nxb3 Na4 17.Bd2 Qb6 18.Nxa4 Rxa4 19.Be3 Qd8 20.f3 Ne8 21.Qd2 Kh7 22.Rab1 f5
23.exf5 Bxf5 24.Bd3 Bxd3 25.Qxd3 Qa8 26.Nc1 Rf7 27.Rd1 Nf6 28.Rb3 Rc7 29.Bb6 Rc8
30.a3 Nd7 31.Be3 Nc5 32.Bxc5 Rxc5 33.Ne2 Rca5 34.Ng3 Rd4 35.Qb1 Rxa3 36.Rxa3 Qxa3
37.Ne4 Qa7 38.Kh1 Rxd1+ 39.Qxd1 Qd4 40.Qxd4 exd4 41.Kg1 Be5 42.h4 b5 43.Kf2 b4
44.Ke2 b3 45.Kd3 b2 46.Nd2 Bf4 47.Nb1 Bg3 48.Kc2 Kg7 49.Kxb2 Kf6 50.Kb3 Ke5
51.Kc4 Bxh4 52.Na3 Kf4 53.Kxd4 Kg3 54.Nc4 Be7 55.Ne3 Bg5 56.Nc4 Bf4 57.Ke4 g5
58.Kf5 Kxg2 59.Ke6 h5 60.Nxd6 h4 61.Nf7 h3 62.Ne5 Bxe5 63.Kxe5 h2  0-1

[Event "Oberliga Bayern9899"]
[Site "Bayern"]
[Date "1999.??.??"]
[Round "?"]
[White "Schmidt, Wlodzimierz"]
[Black "Pohl Kuemmel, Jens Uwe"]
[Result "1-0"]
[WhiteElo "2480"]
[BlackElo "2245"]

1.Nf3 Nf6 2.c4 g6 3.Nc3 Bg7 4.e4 d6 5.d4 O-O 6.Be2 e5 7.O-O Na6 8.Bg5 h6
9.Bh4 Qe8 10.Bxf6 Bxf6 11.c5 exd4 12.Nd5 Bd8 13.Bxa6 c6 14.Bc4 cxd5 15.Bxd5 dxc5
16.Qc1 Qe7 17.Qxh6 Be6 18.Rfe1 Qf6 19.Rac1 Be7 20.h4 Bxd5 21.exd5 Rfe8 22.Qd2 Bd6
23.Qd3 a6 24.a4 Rac8 25.b3 Kg7 26.a5 Rxe1+ 27.Rxe1 Bc7 28.Rc1 Bxa5 29.Nxd4 Rd8
30.Nf3 Bb4 31.Rd1 Qc3 32.Qb1 Rd6 33.Ng5 Qe5 34.Qd3 b5 35.Ne4 Rd7 36.d6 Qf5
37.g3 Qe5 38.Kg2 Qe6 39.Kg1 Qe5 40.Kg2 Qf5 41.Kg1 Qe6 42.Nxc5 Bxc5 43.Qc3+ Kh7
44.Qxc5 Qxb3 45.Ra1 a5 46.Rxa5 Qd1+ 47.Kg2 Rxd6 48.Rxb5 Qd4 49.Qxd4 Rxd4
50.Kf3 Kg7 51.g4 Ra4 52.Kg3 Rc4 53.f3 Ra4 54.Re5 Ra1 55.Rb5 Rh1 56.h5 gxh5
57.Rxh5 Ra1 58.Rb5 Ra3 59.Rb6 Rc3 60.g5 Rc4 61.f4 Rc1 62.Kg4 Rg1+ 63.Kf5 Rg2
64.Ke4 Rg1 65.Kf3 Ra1 66.Rb8 Ra3+ 67.Kg4 Ra4 68.Re8 Rb4 69.Kf3 Rb3+ 70.Re3 Rb1
71.f5 Rg1 72.Kf4 Rf1+ 73.Kg4 Rg1+ 74.Kh4 Rf1 75.Kg4 Rg1+ 76.Rg3 Ra1 77.Rh3 Ra4+
78.Kh5 Rb4 79.f6+ Kg8 80.Ra3 Rb1 81.Ra8+ Kh7 82.Rf8 Rh1+ 83.Kg4 Rg1+ 84.Kf5 Rf1+
85.Ke5 Re1+ 86.Kd6 Kg6 87.Rg8+ Kf5 88.Kd7 Re2 89.Rg7 Re1 90.Rxf7 Kxg5 91.Re7 Rf1
92.f7 Kg6 93.Ke8 Rf2 94.f8=Q  1-0

[Event "Regionalliga SO9899"]
[Site "Bayern"]
[Date "1999.??.??"]
[Round "?"]
[White "Heyne, Martin"]
[Black "Fruehauf, Norbert"]
[Result "0-1"]
[WhiteElo "2010"]
[BlackElo "1825"]

1.d4 Nf6 2.c4 g6 3.Nc3 Bg7 4.e4 d6 5.Nf3 O-O 6.Be2 e5 7.O-O Nbd7 8.dxe5 Nxe5
9.Nxe5 dxe5 10.Be3 c6 11.b4 Qc7 12.Qc2 Be6 13.f3 Rfd8 14.Rab1 Bf8 15.Rfc1 Ne8
16.b5 b6 17.Qa4 c5 18.Nd5 Qb7 19.Qc2 f6 20.a4 Kf7 21.Rf1 g5 22.g3 Bh3 23.Rf2 Bd6
24.Qd2 Ng7 25.Nxf6 Kxf6 26.Bxg5+ Kf7 27.Bxd8 Rxd8 28.Qh6 Be6 29.f4 Qxe4 30.fxe5+ Kg8
31.exd6 Qxb1+ 32.Bf1 Qd1 33.Rd2 Qc1 34.Qf6 Rf8  0-1

[Event "Oberliga Bayern9899"]
[Site "Bayern"]
[Date "1999.??.??"]
[Round "?"]
[White "Wendt, Rene"]
[Black "Phillips, Roy"]
[Result "1/2-1/2"]
[WhiteElo "2320"]
[BlackElo "2140"]

1.d4 Nf6 2.c4 g6 3.Nc3 Bg7 4.e4 d6 5.Nf3 O-O 6.Be2 e5 7.d5 a5 8.Bg5 h6 9.Bh4 Na6
10.Nd2 Qe8 11.O-O Bd7 12.b3 Nh7 13.a3 h5 14.f3 Bh6 15.Rb1 f5 16.exf5 Bxf5
17.Nde4 Be3+ 18.Bf2 Bxf2+ 19.Rxf2 Nf6 20.b4 axb4 21.axb4 Nxe4 22.fxe4 Bd7
23.Bf3 Qe7 24.Qd2 Kg7 25.Ne2 Rf7 26.Nc1 Raf8 27.Nd3 h4  1/2-1/2

[Event "Landesliga Nord 9899"]
[Site "Bayern"]
[Date "1999.??.??"]
[Round "?"]
[White "Koenig, Oliver"]
[Black "Steibl, Hans Dieter"]
[Result "0-1"]
[WhiteElo "1895"]
[BlackElo "1985"]

1.d4 Nf6 2.c4 g6 3.Nc3 Bg7 4.e4 d6 5.Be2 O-O 6.Nf3 e5 7.d5 a5 8.Bg5 h6 9.Bh4 g5
10.Bg3 Nxe4 11.Nxe4 f5 12.Nc3 f4 13.Nd2 Bf5 14.Nde4 Nd7 15.Bg4 Nc5 16.Nxc5 dxc5
17.Bxf5 Rxf5 18.Qg4 Qf8 19.Ne4 Ra6 20.O-O-O Rb6 21.Rd2 Rb4 22.Rc2 b6 23.Rd1 fxg3
24.Qxg3 a4 25.f3 Rf4 26.Nf2 Rbxc4 27.Ne4 Rd4 28.Rcd2 Qf7 29.Nc3 Rxd2 30.Rxd2 Rd4
31.Qf2 Qd7 32.Qe2 c6 33.dxc6 Qxc6 34.Ne4 c4 35.Ng3 c3 36.Rc2 cxb2+ 37.Kxb2 Qd7
38.Nf1 e4 39.Kc1 Qd6 40.Rc8+ Kh7 41.Rc3 Rb4 42.Rc2 Qd4 43.a3 Rb1+  0-1

[Event "Landesliga Sued 9899"]
[Site "Bayern"]
[Date "1999.??.??"]
[Round "?"]
[White "Ploehn, Heiko"]
[Black "Nussbaecher, Andreas"]
[Result "1-0"]
[WhiteElo "2165"]
[BlackElo "2140"]

1.d4 Nf6 2.c4 g6 3.Nc3 Bg7 4.e4 d6 5.Nf3 O-O 6.Be2 e5 7.d5 a5 8.Bg5 h6 9.Bh4 Na6
10.O-O Qe8 11.Nd2 Bd7 12.b3 Nh7 13.a3 Bf6 14.Bxf6 Nxf6 15.Rb1 Nh7 16.Kh1 f5
17.exf5 Bxf5 18.Nde4 Nc5 19.f3 Nf6 20.Nxc5 dxc5 21.Bd3 Qe7 22.Qc2 Ne8 23.Rbe1 Nd6
24.Rf2 Rae8 25.Rfe2 Qh4 26.Ne4 Bxe4 27.Bxe4 Nf5 28.Bxf5 gxf5 29.Qd2 e4 30.Qxa5 exf3
31.Rxe8 fxg2+ 32.Kg1 Qd4+ 33.R8e3 f4 34.Qxc7 fxe3 35.Qg3+ Kh8 36.Qxe3 Rf1+
37.Kxg2 Rxe1 38.Qxe1 Qg4+ 39.Qg3 Qe2+ 40.Kg1 Qd1+ 41.Kf2 Qc2+ 42.Kf1 Qd1+
43.Qe1 Qf3+ 44.Kg1 Qg4+ 45.Kf2 Qf4+ 46.Ke2 Qe5+ 47.Kd2 Qb2+ 48.Kd3 Qd4+ 49.Kc2 Kh7
50.Qd2 Qa1 51.Qd3+ Kg8 52.Qg6+ Kh8 53.Qxh6+ Kg8 54.Qg5+ Kf7 55.Qc1 Qe5 56.Qd2 Qe4+
57.Kb2 Qe5+ 58.Ka2 Ke7 59.Qf2 b6 60.h4 Ke8 61.a4 Kd7 62.Qf7+ Kd8 63.d6  1-0

[Event "Landesliga Sued 9899"]
[Site "Bayern"]
[Date "1999.??.??"]
[Round "?"]
[White "Ploehn, Heiko"]
[Black "Hock, Martin"]
[Result "1-0"]
[WhiteElo "2165"]
[BlackElo "2135"]

1.d4 Nf6 2.c4 g6 3.Nc3 Bg7 4.e4 d6 5.Nf3 O-O 6.Be2 e5 7.d5 Nh5 8.g3 h6 9.Be3 a5
10.Nd2 Nf6 11.c5 dxc5 12.Bxc5 Re8 13.Nc4 b6 14.Be3 Ba6 15.a4 Nbd7 16.O-O Bf8
17.Qd2 Kh7 18.Rad1 Nc5 19.Qc2 Qd7 20.f3 Rad8 21.Kg2 Bc8 22.Rf2 Nh5 23.Bf1 g5
24.Kh1 f6 25.d6 Bxd6 26.Bxc5 bxc5 27.Nxa5 c6 28.Nxc6 Qxc6 29.Bb5 Qc7 30.Bxe8 Rxe8
31.Nb5 Qd7 32.Nxd6 Rd8 33.Rfd2 Nxg3+ 34.hxg3 Qh3+ 35.Rh2 Qxg3 36.Qf2 Qf4
37.Rxh6+ Kxh6 38.Nf7+ Kg7 39.Nxd8 g4 40.Rg1 f5 41.Qg3 Qh6+ 42.Qh2 Qf6 43.exf5 Bxf5
44.Qh5 Bc8 45.Rxg4+ Bxg4 46.Qxg4+ Kh8 47.Qh5+ Kg7 48.Qf7+  1-0

[Event "Landesliga Nord 9899"]
[Site "Bayern"]
[Date "1999.??.??"]
[Round "?"]
[White "Loos, Roland"]
[Black "Ferlan, Istok"]
[Result "1-0"]
[WhiteElo "2175"]
[BlackElo "2270"]

1.c4 g6 2.Nc3 Bg7 3.d4 d6 4.e4 Nf6 5.Nf3 O-O 6.Be2 Qe8 7.O-O e5 8.d5 a5 9.h3 Nh5
10.Re1 Nf4 11.Bf1 h6 12.c5 Na6 13.cxd6 cxd6 14.Nd2 Qd8 15.Nc4 Bd7 16.Be3 b5
17.Nxd6 Bxh3 18.Ncxb5 Qg5 19.Qf3 Bg4 20.Qg3 Qh5 21.f3 Bd7 22.Qh2 Qg5 23.g3 Nb4
24.Kh1 Qh5 25.gxf4 Qxh2+ 26.Kxh2 exf4 27.Bxf4 Nc2 28.Rac1 Nxe1 29.Rxe1 g5
30.Bg3 Bxb2 31.Bh3 Bxb5 32.Nxb5 a4 33.Bc7 f6 34.Be6+ Kg7 35.Kg2 Be5 36.Rc1 Bb2
37.Rc6 Kg6 38.Bf5+ Kh5 39.Rc2 Be5 40.Bxe5 fxe5 41.Kg3 g4 42.fxg4+ Kg5 43.Nc7  1-0

[Event "Regionalliga NW9899"]
[Site "Bayern"]
[Date "1999.??.??"]
[Round "?"]
[White "Schmid, Bernhard"]
[Black "Birken, Michael"]
[Result "1/2-1/2"]
[WhiteElo "1940"]
[BlackElo "2015"]

1.Nf3 Nf6 2.c4 d6 3.d4 g6 4.Nc3 Bg7 5.e4 O-O 6.Be2 Nbd7 7.O-O e5 8.dxe5 dxe5
9.h3 Qe7 10.Be3 Nc5 11.Qc2 a5 12.a3 c6 13.Rfd1 Nh5 14.b4 axb4 15.Bxc5 b3
16.Bxe7 bxc2 17.Rdc1 Re8 18.Bh4 f5 19.Rxc2 fxe4 20.Ng5 Nf4 21.Ngxe4 Bf5 22.Rb2 Rf8
23.c5 Bxe4 24.Nxe4 Ra4 25.Bf3 Nxh3+ 26.Kh2 Nf4 27.Rxb7 Ne6 28.Be7 Rfa8 29.Bf6 Rxe4
30.Bxg7 Rh4+ 31.Kg3 Raa4 32.Bxe5 Nxc5 33.Rg7+ Kf8 34.Rb1 Na6 35.Rd1  1/2-1/2

[Event "Landesliga Sued 9899"]
[Site "Bayern"]
[Date "1999.??.??"]
[Round "?"]
[White "Ploehn, Heiko"]
[Black "Ager, Josef"]
[Result "1-0"]
[WhiteElo "2165"]
[BlackElo "2270"]

1.d4 Nf6 2.c4 g6 3.Nc3 Bg7 4.e4 d6 5.Nf3 O-O 6.Be2 Na6 7.O-O e5 8.Be3 Ng4
9.Bg5 Qe8 10.h3 h6 11.Bc1 exd4 12.Nxd4 Nf6 13.Bf3 c6 14.Bf4 Qe7 15.Qd2 Kh7
16.Rfe1 Rd8 17.Rad1 Nd7 18.Be2 Be5 19.Be3 Ndc5 20.f4 Bg7 21.Bf3 Ne6 22.Nc2 g5
23.f5 Nf8 24.Bd4 Bxd4+ 25.Qxd4 Rd7 26.Ne3 f6 27.Ne2 Kg7 28.Ng3 Nh7 29.Ng4 Nb4
30.Nh5+ Kf7 31.Qd2 a5 32.a3 Na6 33.Qc3 a4 34.Nxh6+ Kf8 35.Ng4 Kf7 36.c5 Nxc5
37.Qc4+ Kf8 38.Nh6 Ke8 39.Qg8+ Qf8 40.Qg6+ Kd8 41.Ng8 Kc7 42.Ngxf6 Nxf6 43.Nxf6 Rf7
44.Rxd6 Kb6 45.Nd5+ Ka7 46.Rf6 Rxf6 47.Qxf6 Bxf5 48.Qxg5 Bxh3 49.Ne7 Kb6
50.Rc1 Ra5 51.Ng6 Qd6 52.Rd1 Qe6 53.Qd8+ Ka6 54.Be2+ b5 55.Rd6 Qxe4 56.Bf3 Qe3+
57.Kh2 Bd7 58.Bxc6  1-0